Rzeki i potoki w powiecie gorlickim - Statystyki

Ogólne statystyki
  • Ten quiz został rozwiązany 15 razy
  • Średni wynik to 10 z 122
Statystyki odpowiedzi
Miejscowości Rzeka, potok % Poprawnych
Blechnarka, Wysowa-Zdrój,Hańczowa, Uście Gorlickie, Klimkówka, Łosie, Ropa, Szymbark, Ropica Polska, Gorlice, Kobylanka, Klęczany, Libusza, Strzeszyn, Korczyna, Biecz, Grudna Kępska Ropa
77%
Rozdziele, Lipinki, Wójtowa,Libusza, Korczyna Libuszanka
38%
Bartne, Bodaki, Ropica Górna,Sękowa, Siary, Dominikowice, Gorlice Sękówka
38%
Izby, Banica, Śnietnica, Brunary,Wilczyska, Jankowa, Bobowa, Brzana, Siedliska, Sędziszowa Biała
31%
Biecz | Strzeszyn, Klęczany Potok
31%
Moszczenica, Sitnica, Rożnowice, Racławice, Binarowa, Biecz Sitniczanka
31%
Radocyna, Czarne Wisłoka
23%
Bednarka Bednarka
15%
Bieśnik, Bystra, Szymbark Bystrzanka
15%
Czarna, Śnietnica Czarna
15%
Kryg, Rozdziele, Lipinki Krygowianka
15%
Staszkówka, Moszczenica, Zagórzany, Gorlice, Klęczany Moszczanka
15%
Wysowa-Zdrój Ropka
15%
Ropki, Hańczowa Ropska Woda
15%
Konieczna, Zdynia, Smerekowiec, Kwiatoń, Skwirtne, Uście Gorlickie Zdynianka
15%
Zagórzany, Kwiatonowice Bąk
8%
Izby, Banica Banicki
8%
Bartne Bartne
8%
Izby Beskid
8%
Bielanka, Szymbark Bielanka
8%
Biesna Bieśniański
8%
Bieśnik Bieśnik
8%
Pagorzyna, Wójtowa, Lipinki Bocheński
8%
Bobowa, Sędziszowa Bruśnianka
8%
Brzana, Bobowa Brzanka
8%
Zagórzany Cmentarny
8%
Śnietnica Czarnianka
8%
Banica Czertyżnianka
8%
Gładyszów, Smerekowiec Gładyszówka
8%
Wysowa-Zdrój Głęboki
8%
Siedliska Górski
8%
Bobowa, Siedliska Grochowa
8%
Zdynia Jahniacze
8%
Jankowa Jankowianka
8%
Sędziszowa Jar Sędziszowa
8%
Krzywa, Wołowiec | Lipinki, Pagorzyna Jasionka
8%
Męcina Wielka, Wapienne Kamienny
8%
Staszkówka, Biesna, Siedliska Kicunki
8%
Dominikowice, Kobylanka, Gorlice Kobylanka
8%
Kryg, Libusza Królówka
8%
Nowica, Gładyszów, Smerekowiec Krzywy
8%
Rozdziele, Lipinki Lipianka
8%
Czarne, Radocyna Lipna
8%
Wola Łużańska, Łużna Łużnianka
8%
Stróżówka, Gorlice Machówka
8%
Krzywa, Małastów, Ropica Górna MałasowskiPotoczek
8%
Racławice, Binarowa Mały
8%
Męcina Wielka, Męcina Mała, Sękowa Męcianka
8%
Kwiatonowice, Zagórzany Miastki
8%
Wola Łużańska, Bystra,Mszanka, Moszczenica,
Zagórzany
Mszanka
8%
Krzywa Od Gładyszowa
8%
Brzana Od Katanówek
8%
Dominikowice Osiński
8%
Kwiatonowice Paryja
8%
Bystra, Mszanka Pasternik
8%
Szalowa, Łużna Perkówka
8%
Brzana, Bobowa Pławienka
8%
Regietów, Skwirtne, Kwiatoń Plebański
8%
Stróżna, Siedliska, Biesna, Łużna Pogwizdowski
8%
Bieśnik, Szalowa, Wilczyska Polnianka
8%
Nowica, Leszczyny, Kunkowa,Klimkówka Przysłupianka
8%
Regietów, Smerekowiec Regietówka
8%
Zdynia Roztoka
8%
Jankowa Rzecznianka
8%
Sitnica Rzeka
8%
Racławice, Strzeszyn, Binarowa,Biecz Ścibórczanka
8%
Sędziszowa Sędziszowski
8%
Owczary, Siary, Sękowa Siarka
8%
Bodaki, Wapienne Skalny
8%
Bielanka Sołtysi
8%
Owczary | Rożnowice, Racławice, Binarowa Średni
8%
Staszkówka, Łużna Staszkowski
8%
Ropa Stolarzówka
8%
Szalowa, Stróżna, Bobowa, Wilczyska Stróżnianka
8%
Bystra, Stróżówka, Mszanka,Gorlice Stróżowianka
8%
Kwiatonowice, Bugaj, Racławice, Strzeszyn, Klęczany Strzeszynianka
8%
Nowica, Kwiatoń, Smerekowiec Surma
8%
Bieśnik, Szalowa, Łużna Szalówka
8%
Wysowa-Zdrój Szuwniak
8%
Siedliska, Biesna Tłoczny
8%
Wapienne Wapienianka
8%
Biesna, Łużna Wesoły
8%
Łużna, Moszczenica Wiatrowski
8%
Racławice, Binarowa Wielki
8%
Wołowiec, Czarne Zawoja
8%
Moszczenica, Łużna, Biesna, Siedliska Zborowianka
8%
Bystra, Mszanka Baniary
0%
Łosie Bełczewski
0%
Bielanka Bielański
0%
Uście Gorlickie Bołczan
0%
Brzana Brzański
0%
Bystra, Ropica Polska Brzezna
0%
Gładyszów Bucznik
0%
Wysowa-Zdrój Cegiełka
0%
Ropa Chełmiński
0%
Ropa Chełmówka
0%
Męcina Wielka, Bodaki Dragaszówka
0%
Ropa Drągowski
0%
Zdynia Dzielec
0%
Smerekowiec Gromala
0%
Bednarka, Rozdziele Humeńka
0%
Hańczowa, Ropki Kapeluska
0%
Szymbark Łęg
0%
Łosie Łosianka
0%
Hańczowa MarkowskaWoda
0%
Wysowa-Zdrój Mediudek
0%
Blechnarka Od Granicy
0%
Ropki Od Huty
0%
Rożnowice Piekło
0%
Bystra, Szymbark Pod Sośniną
0%
Łosie Potok z Góry Łysiec
0%
Siary, Owczary Rzemieszka
0%
Regietów, Zdynia Sidławka
0%
Wapienne, Męcina Wielka Szpakówka
0%
Ropa Tulejówka
0%
Wójtowa, Libusza Wójtowiczanka
0%
Bartne, Małastów, Bodaki, Ropica Górna Wołosiec
0%
Brunary, Śnietnica Zgniły
0%
Brunary Z Liska
0%
Nie znaleziono quizów pasujących do podanych kryteriów
Rozkład punktacji
Procent ludzi z każdym wynikiem
Percentyl według liczby udzielonych odpowiedzi
Twoja historia wyników
Nie rozwiązałeś tego quizu